Bilecik Bilecik Bilecik Bilecik Bilecik

Bireyi tanıma teknikleri/ (Record no. 51188)

MARC details
000 -BAŞLIK
Sabit Uzunluktaki Kontrol Alanı 01023nam a22003377a 4500
001 - KONTROL NUMARASI
Control Dosyası 0051364
003 - KONTROL NUMARASI KİMLİĞİ
Kontrol Alanı KOHA_MİRAKIL
005 - EN SON İŞLEM TARİHİ ve ZAMANI
Kontrol Alanı 20260207003803.0
007 - FİZİKSEL TANIM SABİT ALAN - GENEL BİLGİ
Sabit uzunluklu kontrol alanı ta
008 - SABİT UZUNLUKTAKİ VERİ ÖGELERİ - GENEL BİLGİ
Sabit Alan 150629b2014 tu |||gr||||#||||0|tur |
020 ## - ISBN - ULUSLARARASI STANDART KİTAP NUMARASI
Isbn 9786051333182
040 ## - KATALOGLAMA KAYNAĞI
Özgün Kataloglama Kurumu TR-BiSEU
Kataloglama Dili tur
Çeviri Kurumu TR-BiSEU
Açıklama Kuralları rda
041 0# - DİL KODU
Metin ya da ses kaydının dil kodu tur
044 ## - YAYINLAYAN/ÜRETEN KURULUŞUN ÜLKE KODU
ISO country code tu
050 ## - SINIFLAMA ve YER NUMARASI
Sınıflama Numarası LB1027.5
Yer Numarası .O94 2014
100 1# - KİŞİ ADI
Yazar Adı (Kişi adı) Özgüven, İbrahim Ethem.
245 1# - ESER ADI BİLDİRİMİ
Başlık Bireyi tanıma teknikleri/
Sorumluluk Bildirimi İbrahim Ethem Özgüven ; İbrahim Ethem Özgüven.
250 ## - BASIM BİLDİRİMİ
Basım Bildirimi 10. Basım
264 #1 - ÜRERİM, YAYIN, DAĞITIM ve TELİF BİLDİRİMİ
Yayın yeri Ankara :
Yayınlayan Nobel
Yayın tarihi 2014
300 ## - FİZİKSEL TANIMLAMA
Sayfa, Cilt vb. XIV, 396 sayfa ;
Boyutları 24 cm.
336 ## - İÇERİK TÜRÜ
Content type term metin
Content type code txt
Source rdacontent
337 ## - MEDYA TÜRÜ
Media type term aracısız
Media type code n
Source rdamedia
338 ## - TAŞIYICI TÜRÜ
Carrier type term cilt
Carrier type code nc
Source rdacarrier
490 1# - DİZİ BİLDİRİMİ
Dizi Bildirimi Nobel yayın nu ;
Cilt Numarası 416.
490 1# - DİZİ BİLDİRİMİ
Dizi Bildirimi Psikololik Danışma nu ;
Cilt Numarası 13.
650 #0 - KONU BAŞLIĞI EK GİRİŞ - KONU TERİMİ
Konusal terim veya coğrafi ad Rehberlik, Eğitimde.
9 (RLIN) 84304
650 #0 - KONU BAŞLIĞI EK GİRİŞ - KONU TERİMİ
Konusal terim veya coğrafi ad Counseling in education.
9 (RLIN) 80280
830 1# - SERİ EK GİRİŞİ - TEKBİÇİM ESER ADI
Tekbiçim Başlık Nobel yayın nu ;
Volume number/sequential designation 416.
9 (RLIN) 95187
830 1# - SERİ EK GİRİŞİ - TEKBİÇİM ESER ADI
Tekbiçim Başlık Psikololik Danışma nu ;
Volume number/sequential designation 13.
9 (RLIN) 95481
942 ## - EK GİRİŞ ÖGELERİ (KOHA)
Source of classification or shelving scheme Library of Congress Classification
Koha item type Book
Holdings
Materyal Türü Kalıcı Konum Mevcut Konum Raf Yeri Sınıflandırma Kaynağı Edinim Bilgisi Ana Konular Alt Konular Yer Numarası Demirbaş Numarası Fatura Tarihi Maliyet, Alış Fiyatı Maliyet, Yenileme Fiyatı Geri Çekilme Durumu Kayıp Durumu Hasarlı Durumu Kredi için değil Kayıt Tarih Toplam Ödünçverme Son Görülme Tarihi Son Kontrol Tarihi Satın Alma Notu
Book Prof. Dr. Azmi Özcan Kütüphanesi Prof. Dr. Azmi Özcan Kütüphanesi Uluğbey Salonu Library of Congress Classification Satın EĞİTİM Eğitim Teorisi ve Uygulaması LB1027.5 .O94 2014 0051364 07/07/2015 16.75 16.75         29/06/2015 3 05/12/2024 05/12/2024 B-984687 - B-984797